Top 10 French PL scorers - Statistics

General Stats
  • This quiz has been taken 50 times
  • The average score is 5 of 10
Answer Stats
Hint Answer % Correct
175 Henry
98%
62 Pires
70%
125 Anelka
60%
66 Giroud
58%
70 Cantona
53%
85 Saha
42%
36 Nasri
37%
35 Malouda
33%
32 Cisse
28%
39 Malbranque
12%
No matching quizzes found
Score Distribution
Percent of People with Each Score
Percentile by Number Answered
Your Score History
You have not taken this quiz